Which James Bond? Quiz Stats

 Plays Quiz Updated May 25, 2018

Also try: Clickable Batmen
Challenge
Share
Tweet
Score 0/20 Timer 06:00
0 Plays Today
Question Answer Wrong Answers
Skyfall Daniel Craig
96%
Sean Connery
0.5%
Roger Moore
0.4%
Pierce Brosnan
1.3%
Quantum of Solace Daniel Craig
94.8%
Sean Connery
0.6%
Roger Moore
0.7%
Pierce Brosnan
1.9%
Spectre Daniel Craig
94.3%
Sean Connery
1.4%
Roger Moore
0.9%
Pierce Brosnan
1.1%
Dr. No Sean Connery
93%
Roger Moore
3.8%
Pierce Brosnan
0.8%
Daniel Craig
0.2%
Casino Royale Daniel Craig
92.7%
Sean Connery
3.3%
Roger Moore
0.8%
Pierce Brosnan
1.2%
Die Another Day Pierce Brosnan
88.9%
Sean Connery
2.4%
Roger Moore
3.6%
Daniel Craig
2.9%
Tomorrow Never Dies Pierce Brosnan
88.6%
Sean Connery
2.9%
Roger Moore
4.5%
Daniel Craig
1.7%
The World Is Not Enough Pierce Brosnan
87%
Sean Connery
2.9%
Roger Moore
4.6%
Daniel Craig
3.3%
Goldfinger Sean Connery
86.7%
Roger Moore
7%
Pierce Brosnan
3.9%
Daniel Craig
0.3%
From Russia With Love Sean Connery
84.9%
Roger Moore
11.1%
Pierce Brosnan
1.5%
Daniel Craig
0.2%
Goldeneye Pierce Brosnan
83.8%
Sean Connery
6.5%
Roger Moore
5.4%
Daniel Craig
2%
Moonraker Roger Moore
82.4%
Sean Connery
13.3%
Pierce Brosnan
1.9%
Daniel Craig
0.3%
Thunderball Sean Connery
77.7%
Roger Moore
17.6%
Pierce Brosnan
2.1%
Daniel Craig
0.6%
Live and Let Die Roger Moore
76.8%
Sean Connery
12.1%
Pierce Brosnan
8.4%
Daniel Craig
0.5%
A View to a Kill Roger Moore
76.6%
Sean Connery
8.2%
Pierce Brosnan
12%
Daniel Craig
1.1%
For Your Eyes Only Roger Moore
75.3%
Sean Connery
17.8%
Pierce Brosnan
4.4%
Daniel Craig
0.4%
Diamonds Are Forever Sean Connery
74.2%
Roger Moore
18.9%
Pierce Brosnan
4.5%
Daniel Craig
0.4%
Octopussy Roger Moore
74%
Sean Connery
22%
Pierce Brosnan
1.6%
Daniel Craig
0.3%
The Man With the Golden Gun Roger Moore
66.7%
Sean Connery
28.1%
Pierce Brosnan
2.9%
Daniel Craig
0.2%
You Only Live Twice Sean Connery
63%
Roger Moore
26.7%
Pierce Brosnan
7.7%
Daniel Craig
0.5%

You're not logged in!

Compare scores with friends on all Sporcle quizzes.
OR
Log In

You Might Also Like...

Show Comments

Extras

Top Quizzes Today


Score Distribution

Your Account Isn't Verified!

In order to create a playlist on Sporcle, you need to verify the email address you used during registration. Go to your Sporcle Settings to finish the process.

Report this User

Report this user for behavior that violates our Community Guidelines.

Details: